000 01225nam a2200313 i 4500
001 67179
003 ES-MaACL
005 20250804063409.0
007 t|
008 040510s2002 sp a |||| | spa d
017 _aM 30275-2002
_bOficina Depósito Legal Madrid
020 _a8488006934
040 _cES-MaACL
080 _a74 Hernández Palacios, Antonio (083.824)
100 1 _aHernández Palacios, Antonio
_963013
_eill
245 1 0 _aDibujo, ilustración, cómic /
_cAntonio Hernández Palacios.
260 _a[Madrid] :
_bConde Duque, Centro Cultural,
_c[2002].
300 _a[53] páginas :
_bilustrado a color y blanco y negro ;
_c13 x 17 cm.
504 _aBibliografía: páginas [50-53]
600 1 7 _aHernández Palacios, Antonio-
_vExposiciones
_9157538
650 7 _9166947
_aCómics-
_vExposiciones
655 7 _2tgfbne
_9193628
_aCatálogos de exposiciones
710 0 _aCentro Cultural del Conde Duque
_92579
_ehis
852 _aES-MaACL
_j2176-F-7
_969689
_bR.131819
_cDEPOF
_hDonación: Editorial
_xEncuadernación rústica con solapas
942 _cFOLLETOS
_n0
999 _c67179
_d67179